header

Psychology in organizations (Record no. 55539)

MARC details
000 -LEADER
fixed length control field 01215nam a22003134a 4500
100 1# - MAIN ENTRY--AUTHOR NAME
Personal name Haslam, S. Alexander.
245 10 - TITLE STATEMENT
Title Psychology in organizations
250 ## - EDITION STATEMENT
Edition statement 2nd ed.
260 ## - PUBLICATION, DISTRIBUTION, ETC. (IMPRINT)
Place of publication London ;
-- Thousand oaks, CA :
Name of publisher Sage Publications,
Year of publication 2004.
300 ## - PHYSICAL DESCRIPTION
Number of Pages xxvi, 306 p. :
Other physical details ill.
650 #0 - SUBJECT ADDED ENTRY--TOPICAL TERM
Topical Term Organizational behavior.
Topical Term Social psychology.
Topical Term Group identity.
856 40 - ELECTRONIC LOCATION AND ACCESS
Uniform Resource Identifier http://site.ebrary.com/lib/rucke/Doc?id=10080889

No items available.

© 2026 Rongo University
Contact us: librarian | system librarian | Rongo university